Normal view
MARC view
- Encuentro Nacional de Orientación Educativa
Entry Nombre de Reunión
001 - NÚMERO DE CONTROL
- campo de control: 48709
003 - IDENTIFICADOR DE NÚMERO DE CONTROL
- campo de control: UPN
005 - FECHA Y HORA DE LA ÚLTIMA TRANSACCIÓN
- campo de control: 20230420203144.0
008 - DATOS DE LONGITUD FIJA
- campo de control de longitud fija: 230420nn acnnnaabn | ana d
040 ## - FUENTE DE CATALOGACIÓN
- Agencia original de catalogación: MX-MxUPN
- Lenguaje de catalogación: spa
111 ## - ENCABEZAMIENTO - NOMBRE DE REUNIÓN
- Nombre de reunión o de jurisdicción: Encuentro Nacional de Orientación Educativa
- Número de la parte, sección o reunión: (3o :
- Fecha de la reunión : 1985)
670 ## - FUENTE EN LA QUE SE LOCALIZARON DATOS
- Cita de la fuente: III Encuentro Nacional de Orientación Educativa, 1985:
- Información localizada: cubierta (III Encuentro Nacional de Orientación Educativa; 3,4,5 de julio de 1985)
902 ## - CATALOGADOR
- Catalogador: VíctorGodínez/200423
